Taylor Swift - Compléter le bridge de champagne problems - Statistiques

Statistiques générales
  • Ce quiz a été pris 168 fois
  • Le résultat moyen est 10 sur 14
Statistiques - réponses
Question Réponse % Correct
"She would've made such a lovely *** bride
98%
How ***, our group of friends evergreen
95%
Sometimes you just don't know the answer 'Til someone's on their *** and asks you knees
94%
Your Midas on the Chevy door touch
92%
I made a joke, " made for me" Well, it's
92%
But *** find the real thing instead you'll
89%
"This *** was once a madhouse" dorm
77%
She'll patch up your *** that I shred tapestry
76%
Don't think *** say that word again we'll
73%
And soon they'll have the nerve to deck the *** halls
70%
November flush and your *** cure flannel
45%
One for the money, two for the show I never was ready so I *** you go watch
35%
That we once *** through walk
14%
What a shame she's *** in the head," they said fuck
6%
Aucun quiz correspondant
Distribution des résultats
% des personnes avec chaque résultat
Percentile par nombre de réponses
Votre historique - résultats
Vous n’avez pas pris ce quiz